|
|
|
|
| LEADER |
01257nam a2200301 a 4500 |
| 001 |
40879545 |
| 008 |
091231s1998 cl a 000 0 eng d |
| 040 |
|
|
|a SLR
|c SLR
|d GZM
|d MBU
|d BD-DhAAL
|
| 082 |
0 |
0 |
|a 616.97/92
|2 21
|
| 245 |
1 |
2 |
|a Women, vulnerability and HIV/AIDS. :
|b A human rights perspective /
|c Adriana Gm̤ez and Deborah Meacham, eds.
|
| 246 |
3 |
|
|a Women, vulnerability and HIV/AIDS.
|
| 260 |
|
|
|a Santiago, Chile :
|b Latin American and Caribbean Women's Health Network,
|c c1998
|
| 300 |
|
|
|a 178 p. :
|b ill. ;
|c 28 cm.
|
| 490 |
0 |
|
|a Women's health collection ;
|v v.3
|
| 500 |
|
|
|a Title information from cover.
|
| 504 |
|
|
|a Includes bibliographical references.
|
| 541 |
1 |
|
|e 00007523
|
| 650 |
|
0 |
|a AIDS (Disease)
|
| 650 |
|
0 |
|a Women
|x Disease
|
| 650 |
|
0 |
|a Acquired Immunodeficiency Syndrome.
|
| 650 |
|
0 |
|a Acquired Immunodeficiency Syndrome.
|
| 650 |
|
0 |
|a HIV Infections.
|
| 700 |
1 |
|
|a Gm̤ez, Adriana.
|
| 700 |
1 |
|
|a Meacham, Deborah.
|
| 710 |
2 |
|
|a Latin American and Caribbean Women's Health Network.
|
| 852 |
4 |
|
|a Ayesha Abed Library
|j General shelf
|
| 999 |
|
|
|c 7207
|d 7207
|
| 952 |
|
|
|0 0
|1 0
|2 ddc
|4 0
|6 616_979200000000000_WOM_1998
|7 0
|9 7499
|a BRACUL
|b BRACUL
|c GEN
|d 2010-01-26
|l 1
|m 1
|o 616.9792 WOM
|p 3010007523
|r 2013-11-18
|s 2013-11-07
|t 1
|w 2010-01-26
|y BK
|